LDR 00907naa#a2200157#i#450# 001 RU\\bibl\19476 005 20260516045442.6 100 ## _a20260515b2026####ek#y0rusy0150####ca 102 ## _aRU 200 1# _aРОСТ И ЖИЗНЕСПОСОБНОСТЬ СЕЯНЦЕВ ЛЕЩИНЫ ОБЫКНОВЕННОЙ ПРИ ФОРМИРОВАНИИ ПОДЛЕСКА ЛЕСНЫХ НАСАЖДЕНИЙ В ЦЕНТРАЛЬНОЙ ЛЕСОСТЕПИ _eСтатья/тезисы конференции 210 1# _aВоронеж _cВоронежский государственный лесотехнический университет имени Г.Ф. Морозова _d2026 215 ## _a9 с. 608 ## _aСтатья/тезисы конференции _2local 675 ## _aУсловия существования растений. 630.181 _z 700 #1 _aНаконечная _gТатьяна Сергеевна 856 4# _abibl.vgltu.ru _u